| 000 | 00395nam a2200169Ia 4500 | ||
|---|---|---|---|
| 005 | 20250423101349.0 | ||
| 008 | 250422s9999 xx 000 0 und d | ||
| 020 | _a0393-96924X | ||
| 050 | _aPR 1174 .N6/ | ||
| 245 | 4 | _aThe Norton anthology of poetry | |
| 260 | _aNew York | ||
| 260 | _bW.W Norton and Company | ||
| 260 | _c1997 | ||
| 300 | _a1217 p | ||
| 650 | _aLiterature | ||
| 942 | _cBK | ||
| 999 |
_c36089 _d36089 |
||